Changing Trends In Library And Information Science/ (Record no. 63198)
[ view plain ]
| 000 -LEADER | |
|---|---|
| fixed length control field | 00540nam a22001337a 4500 |
| 005 - DATE AND TIME OF LATEST TRANSACTION | |
| control field | 20180804112814.0 |
| 020 ## - INTERNATIONAL STANDARD BOOK NUMBER | |
| International Standard Book Number | 8170002559 |
| Terms of availability | 450.00 |
| 035 ## - SYSTEM CONTROL NUMBER | |
| System control number | B-19288, B-019286 |
| 037 ## - SOURCE OF ACQUISITION | |
| Stock number | DPL |
| Source of stock number/acquisition | ENG |
| 245 ## - TITLE STATEMENT | |
| Title | Changing Trends In Library And Information Science/ |
| 260 ## - PUBLICATION, DISTRIBUTION, ETC. (IMPRINT) | |
| Place of publication, distribution, etc | New Delhi |
| Name of publisher, distributor, etc | Ess Ess Publication |
| Date of publication, distribution, etc | 2000 |
| 300 ## - PHYSICAL DESCRIPTION | |
| Extent | 189p. |
| Dimensions | 22 cms. |
| 942 ## - ADDED ENTRY ELEMENTS (KOHA) | |
| Source of classification or shelving scheme | Dewey Decimal Classification |
| Item type | English Books |
| Classification part | 020. |
| Call number suffix | CHA |
| Withdrawn status | Lost status | Not for loan | Collection code | Home library | Current library | Date acquired | Full call number | Barcode | Koha item type | Cost, normal purchase price | Cost, replacement price | Source of acquisition |
|---|---|---|---|---|---|---|---|---|---|---|---|---|
| Non-fiction | Patel Nagar | Patel Nagar | 04/08/2018 | 020. CHA | B-019286 | English Books | 450.00 | 450.00 | BPPD/PUB | |||
| Non-fiction | Sarojini Nagar | Sarojini Nagar | 18/02/2012 | 020. CHA | B--19288 | English Books | ||||||
| Non-fiction | Sarojini Nagar | Sarojini Nagar | 18/02/2012 | 020. CHA | B-30181 | English Books | 450.00 | 450.00 |
